Customer relationship management (CRM) (Record no. 38279)

MARC details
000 -LEADER
fixed length control field 00767nam a22002177a 4500
005 - DATE AND TIME OF LATEST TRANSACTION
control field 20100730145048.0
010 ## - LCCN (DPL NO)
LC control number ENG-97394
020 ## - INTERNATIONAL STANDARD BOOK NUMBER
International Standard Book Number 9788184840391
Terms of availability 1550.00
035 ## - SYSTEM CONTROL NUMBER
System control number EN-80927
037 ## - SOURCE OF ACQUISITION
Source of stock number/acquisition DBAD/PUB
082 ## - DEWEY DECIMAL CLASSIFICATION NUMBER
Classification number 658.812
100 ## - MAIN ENTRY--PERSONAL NAME
Personal name P P Singh
245 ## - TITLE STATEMENT
Title Customer relationship management (CRM)
Statement of responsibility, etc by P P Singh [and] N Jinender Kumar
260 ## - PUBLICATION, DISTRIBUTION, ETC. (IMPRINT)
Place of publication, distribution, etc New Delhi
Name of publisher, distributor, etc regal Publications
Date of publication, distribution, etc 2009
270 ## - ADDRESS
Address F-159, Rajouri Garden
City New Delhi
Postal code 110027
300 ## - PHYSICAL DESCRIPTION
Extent x,349p
Dimensions 23cm (Hb)
500 ## - GENERAL NOTE
General note includes index
700 ## - ADDED ENTRY--PERSONAL NAME
Personal name N Jinender Kumar
9 (RLIN) 2704
942 ## - ADDED ENTRY ELEMENTS (KOHA)
Source of classification or shelving scheme Dewey Decimal Classification
Item type English Books
Classification part 658.812
Call number suffix PPS
Holdings
Withdrawn status Lost status Not for loan Collection code Home library Current library Date acquired Source of acquisition Cost, normal purchase price Full call number Barcode Copy number Cost, replacement price Koha item type
    Not For Loan Non-fiction D.B.Act.Division D.B.Act.Division 30/07/2010 DBAD/PUB 1550.00 658.812 PPS EN-80927 1 1550.00 English Books

© Delhi Public Library
Hit Counter
free hit counter